| 000 | 00345nam a2200121Ia 4500 | ||
|---|---|---|---|
| 008 | 220204s9999 xx 000 0 und d | ||
| 082 |
_a58/581 _bCRA |
||
| 100 | _aCARYSON, Suzanne | ||
| 245 | 0 | _aPlants from plants: How to grow new house plants for next to nothing | |
| 260 |
_aLondon _bThames Hudson;1976 |
||
| 650 | _aHouse plants | ||
| 942 | _cBK | ||
| 999 |
_c27219 _d27219 |
||